Khảo sát các tác nhân gây bệnh trong nuôi cá tra (Pangasius hypophthalmus) thâm canh ở tỉnh An Giang : Luận văn tốt nghiệp Cao học ngành nuôi trồng thủy sản
Đề tài điều tra tình hình dịch bệnh và quản lý dịch bệnh trong nghề nuôi cá tra thâm canh, khảo sát các yếu tố môi trường và tác nhân gây bệnh.
Kaydedildi:
| Yazar: | |
|---|---|
| Materyal Türü: | Kitap |
| Dil: | Undetermined |
| Baskı/Yayın Bilgisi: |
Cần Thơ
Trường Đại học Cần Thơ
2005
|
| Konular: | |
| Etiketler: |
Etiketle
Etiket eklenmemiş, İlk siz ekleyin!
|
| Thư viện lưu trữ: | Trung tâm Học liệu Trường Đại học Cần Thơ |
|---|
| LEADER | 01097nam a2200217Ia 4500 | ||
|---|---|---|---|
| 001 | CTU_161736 | ||
| 008 | 210402s9999 xx 000 0 und d | ||
| 082 | |a 639.31 | ||
| 082 | |b D513 | ||
| 088 | |a 606270 | ||
| 100 | |a Trần, Anh Dũng | ||
| 245 | 0 | |a Khảo sát các tác nhân gây bệnh trong nuôi cá tra (Pangasius hypophthalmus) thâm canh ở tỉnh An Giang : | |
| 245 | 0 | |b Luận văn tốt nghiệp Cao học ngành nuôi trồng thủy sản | |
| 245 | 0 | |c Trần Anh Dũng ; Nguyễn Thanh Phương, Trần Thị Tuyết Hoa (Cán bộ hướng dẫn) | |
| 260 | |a Cần Thơ | ||
| 260 | |b Trường Đại học Cần Thơ | ||
| 260 | |c 2005 | ||
| 520 | |a Đề tài điều tra tình hình dịch bệnh và quản lý dịch bệnh trong nghề nuôi cá tra thâm canh, khảo sát các yếu tố môi trường và tác nhân gây bệnh. | ||
| 650 | |a Freshwater fishes,Cá nước ngọt | ||
| 904 | |i Trọng Hải | ||
| 980 | |a Trung tâm Học liệu Trường Đại học Cần Thơ | ||